[Event "Mecklenburg VP LL2 West 2223"]
[Site "Mecklenburg VP"]
[Date "2023.03.19"]
[Round "7.4"]
[White "Wiemer, Juergen"]
[Black "Rabinowitsch, Juri"]
[Result "0-1"]
[WhiteElo "1978"]
[BlackElo "1910"]
[PlyCount "82"]
[EventDate "2022.10.23"]
[EventType "team-tourn"]
[EventRounds "9"]
[EventCountry "GER"]
[SourceTitle "EXT 2024"]
[Source "ChessBase"]
[SourceDate "2023.10.10"]
[SourceVersion "1"]
[SourceVersionDate "2023.10.10"]
[SourceQuality "1"]
[WhiteTeam "Ludwigslust"]
[BlackTeam "Schwerin SF III"]
[WhiteTeamCountry "GER"]
[BlackTeamCountry "GER"]

1. e4 c5 2. c3 d6 3. d4 cxd4 4. cxd4 Nf6 5. Nc3 e6 6. Nf3 Be7 7. Be2 0-0 8. 0-0 a6 9. h3 b5 10. a3 Nbd7 11. Be3 Bb7 12. Qd3 d5 13. e5 Ne4 14. Nd2 f5 15. f4 Ng3 16. Rfe1 Nxe2+ 17. Qxe2 Nb6 18. g4 Nc4 19. Nxc4 dxc4 20. gxf5 Rxf5 21. Qg4 b4 22. axb4 Bxb4 23. Kh2 Bxc3 24. Rg1 g6 25. bxc3 Qd5 26. Ra2 Qe4 27. Qe2 Bd5 28. Bc1 Qb1 29. Rb2 Qd3 30. Qxd3 cxd3 31. Bd2 a5 32. Rb5 a4 33. Rc5 Bb3 34. c4 a3 35. d5 exd5 36. cxd5 a2 37. Ra1 Rff8 38. d6 Rfc8 39. Rxc8+ Rxc8 40. d7 Rd8 41. e6 Bxe6 0-1

[Event "Mecklenburg VP LL2 West 2122"]
[Site "Mecklenburg VP"]
[Date "2022.03.06"]
[Round "6.3"]
[White "Stepanjan, Marianne"]
[Black "Wiemer, Juergen"]
[Result "0-1"]
[WhiteElo "1401"]
[BlackElo "1998"]
[PlyCount "90"]
[EventDate "2021.10.24"]
[EventType "team-tourn"]
[EventRounds "9"]
[EventCountry "GER"]
[SourceTitle "EXT 2024"]
[Source "ChessBase"]
[SourceDate "2023.10.10"]
[SourceVersion "1"]
[SourceVersionDate "2023.10.10"]
[SourceQuality "1"]
[WhiteTeam "Wittenberge"]
[BlackTeam "Ludwigslust"]
[WhiteTeamCountry "GER"]
[BlackTeamCountry "GER"]

1. e4 e5 2. Nf3 Nc6 3. Bb5 Nf6 4. 0-0 d6 5. Re1 Bd7 6. c3 a6 7. Ba4 b5 8. Bb3 Na5 9. Bc2 c5 10. d4 Qc7 11. h3 Nb7 12. Be3 Rc8 13. d5 g6 14. Nbd2 Bg7 15. Nf1 0-0 16. Qd2 Ne8 17. Bh6 f6 18. h4 Nd8 19. Bxg7 Nxg7 20. Ng3 Nf7 21. Rec1 Qd8 22. a4 f5 23. axb5 axb5 24. Ra7 f4 25. Nf1 h6 26. g3 g5 27. hxg5 hxg5 28. Rca1 Nh5 29. Rb7 Rb8 30. Raa7 Rxb7 31. Rxb7 Qc8 32. Rb6 Qc7 33. Ra6 Bc8 34. Ra1 Qd7 35. N3h2 Qh3 36. Qe1 g4 37. Bd1 Kg7 38. Ra8 Nf6 39. f3 Ng5 40. fxg4 Nfxe4 41. gxf4 exf4 42. Ra7+ Kg8 43. Qe2 f3 44. Qc2 Bxg4 45. Re7 f2+ 0-1

[Event "Mecklenburg VP Landesliga West 1920"]
[Site "Mecklenburg VP"]
[Date "2020.01.19"]
[Round "5.3"]
[White "Wiemer, Juergen"]
[Black "Fleischer, Martin"]
[Result "0-1"]
[WhiteElo "2012"]
[BlackElo "1885"]
[PlyCount "64"]
[EventDate "2019.09.29"]
[EventType "team-tourn"]
[EventRounds "9"]
[EventCountry "GER"]
[SourceTitle "EXT 2023"]
[Source "ChessBase"]
[SourceDate "2022.10.05"]
[SourceVersion "1"]
[SourceVersionDate "2022.10.05"]
[SourceQuality "1"]
[WhiteTeam "Ludwigslust"]
[BlackTeam "Schwerin SV Einheit"]
[WhiteTeamCountry "GER"]
[BlackTeamCountry "GER"]

1. e4 e6 2. d4 d5 3. Nd2 Nd7 4. Ngf3 Be7 5. e5 c5 6. c3 cxd4 7. cxd4 Bb4 8. a3 Ba5 9. b4 Bb6 10. Bb2 Ne7 11. Bd3 a6 12. 0-0 Ng6 13. Rc1 Nf4 14. Bb1 h5 15. g3 Nh3+ 16. Kg2 Ng5 17. Nxg5 Qxg5 18. h4 Qe7 19. f4 g6 20. Nb3 Kf8 21. Bd3 Kg7 22. Nc5 Bd8 23. Qc2 b6 24. Nxe6+ fxe6 25. Bxg6 Nf8 26. f5 exf5 27. Bxf5 Be6 28. Qe2 Ra7 29. Rc6 Bxf5 30. Rxf5 Qd7 31. e6 Qxc6 32. Qe5+ Kg8 0-1

[Event "Mecklenburg VP Landesliga West 1920"]
[Site "Mecklenburg VP"]
[Date "2019.12.08"]
[Round "4.3"]
[White "Celmer, Ole"]
[Black "Wiemer, Juergen"]
[Result "1/2-1/2"]
[WhiteElo "1927"]
[BlackElo "2012"]
[PlyCount "69"]
[EventDate "2019.09.29"]
[EventType "team-tourn"]
[EventRounds "9"]
[EventCountry "GER"]
[SourceTitle "EXT 2023"]
[Source "ChessBase"]
[SourceDate "2022.10.05"]
[SourceVersion "1"]
[SourceVersionDate "2022.10.05"]
[SourceQuality "1"]
[WhiteTeam "Think Rochade"]
[BlackTeam "Ludwigslust"]
[WhiteTeamCountry "GER"]
[BlackTeamCountry "GER"]

1. e4 e5 2. Nf3 Nc6 3. Bc4 Bc5 4. c3 Bb6 5. 0-0 Nf6 6. d3 0-0 7. a4 a5 8. Na3 d6 9. Nc2 Bg4 10. Be3 Bxe3 11. Nxe3 Bh5 12. Nf5 Bg4 13. Ng3 Rb8 14. h3 Be6 15. Bxe6 fxe6 16. Qb3 Qd7 17. d4 exd4 18. Nxd4 Nxd4 19. cxd4 b6 20. Rac1 c5 21. dxc5 bxc5 22. Qc2 Rb4 23. e5 dxe5 24. Qxc5 Qd5 25. Rfd1 Qxc5 26. Rxc5 Rxa4 27. Rxe5 Kf7 28. Rd6 Re8 29. Ra6 Rb4 30. Raxa5 Rxb2 31. Ra7+ Re7 32. Rxe7+ Kxe7 33. Nf5+ Kf7 34. Nd6+ Ke7 35. Nf5+ 1/2-1/2

[Event "MVP-ch Seniors op 19th"]
[Site "Ostseebad Binz"]
[Date "2019.12.03"]
[Round "7"]
[White "Oechslein, Rainer"]
[Black "Wiemer, Juergen"]
[Result "1-0"]
[WhiteElo "2215"]
[BlackElo "2012"]
[PlyCount "75"]
[EventDate "2019.11.27"]
[EventType "swiss"]
[EventRounds "9"]
[EventCountry "GER"]
[SourceTitle "EXT 2021"]
[Source "ChessBase"]
[SourceDate "2020.10.23"]
[SourceVersion "1"]
[SourceVersionDate "2020.10.23"]
[SourceQuality "1"]

1. d4 Nf6 2. Nc3 d5 3. Bg5 Bf5 4. f3 h6 5. Bh4 Nbd7 6. Nxd5 Nxd5 7. e4 Ne3 8. Qd3 Nxc2+ 9. Qxc2 Bh7 10. Qb3 Nb6 11. d5 a6 12. 0-0-0 Qd7 13. Bf2 Qa4 14. Qxa4+ Nxa4 15. Ne2 0-0-0 16. b3 Nb6 17. Nc3 Nd7 18. Be2 f5 19. Bd3 g6 20. Bd4 Rg8 21. e5 Bg7 22. f4 Rge8 23. Bf2 g5 24. g3 e6 25. Be2 Bg6 26. Kc2 Bf8 27. h4 g4 28. Rd2 Bc5 29. Bxc5 Nxc5 30. b4 Nd7 31. dxe6 Rxe6 32. Rhd1 Ree8 33. Bc4 c6 34. Rd6 Nf8 35. Ne2 Rxd6 36. Rxd6 Kc7 37. Rxg6 Nxg6 38. Bf7 1-0

[Event "MVP-ch Seniors op 19th"]
[Site "Ostseebad Binz"]
[Date "2019.11.29"]
[Round "3"]
[White "Willin, Bernhard"]
[Black "Wiemer, Juergen"]
[Result "0-1"]
[WhiteElo "1887"]
[BlackElo "2012"]
[PlyCount "92"]
[EventDate "2019.11.27"]
[EventType "swiss"]
[EventRounds "9"]
[EventCountry "GER"]
[SourceTitle "EXT 2021"]
[Source "ChessBase"]
[SourceDate "2020.10.23"]
[SourceVersion "1"]
[SourceVersionDate "2020.10.23"]
[SourceQuality "1"]

1. c4 Nf6 2. Nc3 e6 3. g3 d5 4. Bg2 c6 5. b3 h5 6. h3 Qa5 7. e3 Nbd7 8. Nge2 dxc4 9. bxc4 Ne5 10. d3 Bb4 11. Qc2 Qd8 12. d4 Nxc4 13. Qb3 Bxc3+ 14. Nxc3 Na5 15. Qb4 Qb6 16. Qa4 0-0 17. Rb1 Qc7 18. 0-0 Re8 19. Bd2 Bd7 20. Qb4 b6 21. Rfc1 Nb7 22. Nb5 Qc8 23. Nd6 Nxd6 24. Qxd6 Nd5 25. e4 Ne7 26. Qe5 f5 27. Qf4 fxe4 28. Qxe4 Nd5 29. Qg6 Nf6 30. Bf4 Rf8 31. Be5 Be8 32. Qg5 Qb7 33. Rb3 Rc8 34. Rf3 Qe7 35. Rfc3 Qb7 36. Bf3 Nd5 37. Ra3 Rf5 38. Qd2 Qe7 39. Be4 Qxa3 40. Bxf5 exf5 41. Qg5 Qf8 42. g4 hxg4 43. hxg4 fxg4 44. Qxg4 Rd8 45. Kg2 Qf7 46. Bg3 Bd7 0-1

[Event "MVP-ch Seniors op 19th"]
[Site "Ostseebad Binz"]
[Date "2019.11.27"]
[Round "1"]
[White "Moews, Harald"]
[Black "Wiemer, Juergen"]
[Result "0-1"]
[WhiteElo "1733"]
[BlackElo "2012"]
[PlyCount "66"]
[EventDate "2019.11.27"]
[EventType "swiss"]
[EventRounds "9"]
[EventCountry "GER"]
[SourceTitle "EXT 2021"]
[Source "ChessBase"]
[SourceDate "2020.10.23"]
[SourceVersion "1"]
[SourceVersionDate "2020.10.23"]
[SourceQuality "1"]

1. e4 e5 2. Bc4 Bc5 3. Nf3 d6 4. h3 Nc6 5. c3 Nf6 6. d3 0-0 7. 0-0 Bb6 8. Bg5 Be6 9. Na3 a6 10. Qd2 Ba7 11. b4 b5 12. Bd5 Bxd5 13. exd5 Nb8 14. Nc2 Nbd7 15. Ne3 h6 16. Bxh6 gxh6 17. Nf5 Nh7 18. Nxh6+ Kh8 19. g4 Qf6 20. Kg2 Rae8 21. g5 Qg6 22. h4 e4 23. dxe4 Rxe4 24. Rae1 f5 25. Re2 Ne5 26. Nxe5 dxe5 27. Rxe4 fxe4 28. Qe2 Rf4 29. Ng4 Qh5 30. f3 exf3+ 31. Rxf3 Qxg4+ 32. Kh2 Qxh4+ 33. Rh3 Rf2+ 0-1

[Event "Mecklenburg VP VL1819"]
[Site "Mecklenburg VP"]
[Date "2019.04.07"]
[Round "9.2"]
[White "Wiemer, Juergen"]
[Black "Kutschke, Peter"]
[Result "0-1"]
[WhiteElo "1915"]
[BlackElo "1941"]
[PlyCount "114"]
[EventDate "2018.10.21"]
[EventType "team-tourn"]
[EventRounds "9"]
[EventCountry "GER"]
[SourceTitle "EXT 2022"]
[Source "ChessBase"]
[SourceDate "2021.10.06"]
[SourceVersion "1"]
[SourceVersionDate "2021.10.06"]
[SourceQuality "1"]
[WhiteTeam "Ludwigslust VT 2000"]
[BlackTeam "Schwerin SF III"]
[WhiteTeamCountry "GER"]
[BlackTeamCountry "GER"]

1. e4 d5 2. exd5 Nf6 3. c4 e6 4. dxe6 Bxe6 5. d4 Bb4+ 6. Nc3 Qe7 7. Be3 Nc6 8. a3 Bxc3+ 9. bxc3 0-0 10. Be2 Bf5 11. h3 Ne4 12. Qc1 Rfe8 13. g4 Bg6 14. Nf3 Na5 15. Qb2 Ng3 16. Rg1 Nxe2 17. Qxe2 Nb3 18. Ra2 Qe4 19. Rb2 Na1 20. Ne5 Nc2+ 21. Kd2 Nxe3 22. Qxe3 Rxe5 23. dxe5 Rd8+ 24. Kc1 Qxc4 25. Rd1 Rxd1+ 26. Kxd1 Qa4+ 27. Ke2 Qxa3 28. Qd2 Qa6+ 29. Kf3 Qc6+ 30. Kg3 h5 31. Qe3 hxg4 32. hxg4 Be4 33. f3 Bd5 34. Rd2 f6 35. Qd4 Be6 36. f4 Qh1 37. Qd8+ Kf7 38. Qxc7+ Kg8 39. Qd8+ Kf7 40. Qd4 Qe1+ 41. Qf2 Qc1 42. Rd3 f5 43. gxf5 Bxf5 44. Re3 a5 45. e6+ Bxe6 46. f5 Bd7 47. Kf4 Qb1 48. Kg5 a4 49. Qf4 Qg1+ 50. Rg3 Qh2 51. Qc4+ Kf8 52. Qc5+ Kf7 53. Qd5+ Kf8 54. Rg2 Qh6+ 55. Kg4 Bc6 56. Qd8+ Be8 57. Re2 Qh5+ 0-1

[Event "Mecklenburg VP VL1819"]
[Site "Mecklenburg VP"]
[Date "2019.02.24"]
[Round "6.1"]
[White "Wiemer, Juergen"]
[Black "Stutz, Reno"]
[Result "1-0"]
[WhiteElo "1915"]
[BlackElo "1956"]
[PlyCount "79"]
[EventDate "2018.10.21"]
[EventType "team-tourn"]
[EventRounds "9"]
[EventCountry "GER"]
[SourceTitle "EXT 2022"]
[Source "ChessBase"]
[SourceDate "2021.10.06"]
[SourceVersion "1"]
[SourceVersionDate "2021.10.06"]
[SourceQuality "1"]
[WhiteTeam "Ludwigslust VT 2000"]
[BlackTeam "Wismar ASV Gruen-Weiss"]
[WhiteTeamCountry "GER"]
[BlackTeamCountry "GER"]

1. e4 d5 2. exd5 Nf6 3. c4 c6 4. dxc6 Nxc6 5. Nf3 e5 6. Qa4 Bd7 7. d3 Bc5 8. Be2 0-0 9. Bg5 e4 10. dxe4 Bxf2+ 11. Kf1 Bd4 12. Nc3 h6 13. Bxf6 Bxf6 14. Nd5 Ne5 15. Qb4 Bc6 16. h3 a5 17. Qd2 Nxf3 18. gxf3 Bxd5 19. cxd5 Qb6 20. Rb1 Rac8 21. a4 Rc7 22. f4 Rfc8 23. Bd3 Bh4 24. Rh2 Qd4 25. e5 g6 26. d6 Rc5 27. Re2 Rd5 28. Rd1 Qxa4 29. e6 Rxd6 30. exf7+ Kxf7 31. b3 Qd7 32. Bxg6+ Kxg6 33. Qxd6+ Qxd6 34. Rxd6+ Kf5 35. Rxh6 Bg3 36. Rh7 Kxf4 37. Rf7+ Kg5 38. Rxb7 Rc3 39. Rb5+ Kh4 40. Re4+ 1-0

[Event "MVP-ch Seniors op 18th"]
[Site "Ostseebad Binz"]
[Date "2018.12.05"]
[Round "8"]
[White "Krueger, Erich"]
[Black "Wiemer, Juergen"]
[Result "1-0"]
[WhiteElo "2110"]
[BlackElo "2012"]
[PlyCount "109"]
[EventDate "2018.11.28"]
[EventType "swiss"]
[EventRounds "9"]
[EventCountry "GER"]
[SourceTitle "CBM 188 Extra"]
[Source "ChessBase"]
[SourceDate "2019.02.26"]
[SourceVersion "1"]
[SourceVersionDate "2019.02.26"]
[SourceQuality "1"]

1. d4 Nf6 2. c4 e6 3. Nc3 d5 4. cxd5 exd5 5. Bg5 Be7 6. e3 c6 7. Qc2 Be6 8. Bd3 h6 9. Bh4 Nbd7 10. Nge2 Rc8 11. Rd1 0-0 12. 0-0 Ne8 13. Bg3 Bd6 14. Nf4 Qf6 15. Nce2 Qe7 16. Bh7+ Kh8 17. Nxe6 Qxe6 18. Nf4 Bxf4 19. Bf5 Qe7 20. Bxf4 Nd6 21. Bd3 Rcd8 22. Qa4 a6 23. Qb4 Nf6 24. h3 Rfe8 25. Rc1 Nc8 26. Qxe7 Nxe7 27. b4 Nd7 28. a4 Nf8 29. b5 axb5 30. axb5 Ne6 31. Bg3 Kg8 32. bxc6 bxc6 33. Rc2 f6 34. Rfc1 Kf7 35. Ba6 Rd7 36. Rb2 Nd8 37. Rb8 Ra7 38. Rb6 Rd7 39. Bd3 g6 40. Ra1 Ne6 41. Raa6 Rc8 42. Bc2 g5 43. Ba4 Nd8 44. Bb8 h5 45. g4 h4 46. Bh2 Kf8 47. f4 Ne6 48. fxg5 Nxg5 49. Kg2 Ne4 50. Bf4 Nd2 51. g5 Nc4 52. gxf6 Ng6 53. Bh6+ Kf7 54. Rxc6 Rb8 55. Rxc4 1-0

[Event "MVP-ch Seniors op 18th"]
[Site "Ostseebad Binz"]
[Date "2018.12.02"]
[Round "5"]
[White "Wiemer, Juergen"]
[Black "Rahls, Peter"]
[Result "1-0"]
[WhiteElo "2012"]
[BlackElo "2216"]
[PlyCount "109"]
[EventDate "2018.11.28"]
[EventType "swiss"]
[EventRounds "9"]
[EventCountry "GER"]
[SourceTitle "CBM 188 Extra"]
[Source "ChessBase"]
[SourceDate "2019.02.26"]
[SourceVersion "1"]
[SourceVersionDate "2019.02.26"]
[SourceQuality "1"]

1. e4 c5 2. c3 e6 3. d4 d5 4. exd5 exd5 5. Nf3 Bd6 6. Be3 c4 7. b3 cxb3 8. axb3 Ne7 9. Bg5 f6 10. Bh4 0-0 11. Bg3 Re8 12. Bxd6 Qxd6 13. Be2 Nbc6 14. 0-0 Bg4 15. Nbd2 Ng6 16. Re1 Re7 17. Nf1 Nf4 18. Ne3 Nxe2+ 19. Qxe2 Rae8 20. h3 Bc8 21. Nh2 f5 22. Qf3 f4 23. Nc2 Bf5 24. Rxe7 Rxe7 25. Ne1 a6 26. Qd1 Nd8 27. Nd3 Nf7 28. Nf3 Be4 29. Nfe5 Bxd3 30. Nxd3 g5 31. Qf3 Qg6 32. Ra5 b5 33. Ra1 h5 34. Nc5 Re4 35. Nxe4 dxe4 36. Qe2 g4 37. h4 f3 38. Qe3 fxg2 39. c4 bxc4 40. bxc4 Qf6 41. Kxg2 Nd6 42. Qg5+ Qxg5 43. hxg5 Nxc4 44. Rxa6 e3 45. fxe3 Nxe3+ 46. Kf2 Nf5 47. d5 h4 48. Rg6+ Kh7 49. Rf6 g3+ 50. Kg1 Nd4 51. d6 h3 52. Rh6+ Kg7 53. Rxh3 Ne2+ 54. Kg2 Kf7 55. Rh7+ 1-0

[Event "MVP-ch Seniors op 18th"]
[Site "Ostseebad Binz"]
[Date "2018.11.30"]
[Round "3"]
[White "Waschk, Armin"]
[Black "Wiemer, Juergen"]
[Result "1/2-1/2"]
[WhiteElo "2149"]
[BlackElo "2012"]
[PlyCount "62"]
[EventDate "2018.11.28"]
[EventType "swiss"]
[EventRounds "9"]
[EventCountry "GER"]
[SourceTitle "CBM 188 Extra"]
[Source "ChessBase"]
[SourceDate "2019.02.26"]
[SourceVersion "1"]
[SourceVersionDate "2019.02.26"]
[SourceQuality "1"]

1. e4 e5 2. Nf3 Nc6 3. Bc4 d6 4. c3 Be6 5. Bxe6 fxe6 6. Qb3 Qc8 7. 0-0 Nf6 8. Ng5 Nd8 9. d4 h6 10. dxe5 dxe5 11. Nf3 Nc6 12. Nh4 g5 13. Ng6 Rg8 14. Nxf8 Kxf8 15. Na3 Kg7 16. Nc4 a6 17. a4 b6 18. Qc2 Qe8 19. Be3 Qg6 20. Rae1 Ng4 21. b4 b5 22. Bc5 bxc4 23. Qe2 Qh5 24. h3 Nf6 25. Qxc4 g4 26. Qxe6 Nd8 27. Qe7+ Nf7 28. Re3 Rge8 29. Qxc7 Rec8 30. Qe7 Re8 31. Qc7 Rec8 1/2-1/2

[Event "MVP-ch Seniors op 18th"]
[Site "Ostseebad Binz"]
[Date "2018.11.28"]
[Round "1"]
[White "Briesemeister, Klaus"]
[Black "Wiemer, Juergen"]
[Result "0-1"]
[WhiteElo "1697"]
[BlackElo "2012"]
[PlyCount "64"]
[EventDate "2018.11.28"]
[EventType "swiss"]
[EventRounds "9"]
[EventCountry "GER"]
[SourceTitle "CBM 188 Extra"]
[Source "ChessBase"]
[SourceDate "2019.02.26"]
[SourceVersion "1"]
[SourceVersionDate "2019.02.26"]
[SourceQuality "1"]

1. d4 Nf6 2. c4 e6 3. Nc3 d5 4. Bg5 Be7 5. Nf3 0-0 6. e3 a6 7. Bd3 dxc4 8. Bxf6 Bxf6 9. Bxc4 b5 10. Bd3 c5 11. 0-0 c4 12. Be4 Ra7 13. Qc2 g6 14. a3 Nd7 15. Rad1 Qa5 16. Rfe1 Rd8 17. Rd2 Bg7 18. Qb1 Nb6 19. Red1 Rad7 20. Ne5 Bxe5 21. f4 Bg7 22. Bc6 Rd6 23. Qe4 Nd5 24. Nxd5 exd5 25. Bxd5 Rxd5 26. Qf3 h5 27. h3 c3 28. bxc3 Qxc3 29. Qf2 Qxa3 30. e4 Rxd4 31. Rxd4 Rxd4 32. Rxd4 Qa1+ 0-1

[Event "Mecklenburg VP VL1819"]
[Site "Mecklenburg VP"]
[Date "2018.11.11"]
[Round "2.2"]
[White "Wiemer, Juergen"]
[Black "Hubert, Peter"]
[Result "0-1"]
[WhiteElo "1915"]
[BlackElo "1997"]
[PlyCount "110"]
[EventDate "2018.10.21"]
[EventType "team-tourn"]
[EventRounds "9"]
[EventCountry "GER"]
[SourceTitle "EXT 2022"]
[Source "ChessBase"]
[SourceDate "2021.10.06"]
[SourceVersion "1"]
[SourceVersionDate "2021.10.06"]
[SourceQuality "1"]
[WhiteTeam "Ludwigslust VT 2000"]
[BlackTeam "Stralsund FHSG"]
[WhiteTeamCountry "GER"]
[BlackTeamCountry "GER"]

1. e4 c6 2. d4 d5 3. e5 Bf5 4. Nf3 e6 5. Bd3 Bxd3 6. Qxd3 Qb6 7. a3 Qa6 8. Qxa6 Nxa6 9. b4 b6 10. 0-0 Ne7 11. c3 h6 12. Nbd2 g5 13. Nb3 Ng6 14. Be3 Bg7 15. Nfd2 0-0 16. Rac1 f6 17. exf6 Bxf6 18. c4 Rac8 19. g3 e5 20. cxd5 cxd5 21. Kg2 Bg7 22. dxe5 Nxe5 23. Rxc8 Rxc8 24. Rc1 Rxc1 25. Nxc1 Nc4 26. Nxc4 dxc4 27. Na2 g4 28. h4 gxh3+ 29. Kxh3 Kf7 30. Kg2 Ke6 31. Kf1 h5 32. Ke2 Nc7 33. Bc1 Nd5 34. Bd2 b5 35. Kd1 Bd4 36. Ke2 a6 37. f3 Kf5 38. Kd1 Be5 39. g4+ hxg4 40. fxg4+ Kxg4 41. Kc2 Kf3 42. Bh6 Nc7 43. Nc3 Bxc3 44. Kxc3 Ke4 45. Kc2 Ne6 46. Kc3 Nd4 47. Bg7 Ne2+ 48. Kc2 Ng3 49. Kc3 Ke3 50. Bd4+ Ke2 51. Kc2 Nf5 52. Bf6 Ne3+ 53. Kc1 Kd3 54. Bg5 c3 55. Bf4 Nc4 0-1

[Event "MVP-ch Seniors op 17th"]
[Site "Binz"]
[Date "2017.12.06"]
[Round "8.25"]
[White "Rollwitz, Juergen"]
[Black "Wiemer, Juergen"]
[Result "1/2-1/2"]
[WhiteElo "1936"]
[BlackElo "2045"]
[PlyCount "95"]
[EventDate "2017.11.29"]
[EventType "swiss"]
[EventRounds "9"]
[EventCountry "GER"]
[SourceTitle "EXT 2019"]
[Source "ChessBase"]
[SourceDate "2018.10.10"]
[SourceVersion "1"]
[SourceVersionDate "2018.10.10"]
[SourceQuality "1"]

1. e4 e5 2. Bc4 Nc6 3. Nf3 Bc5 4. c3 Qe7 5. d3 Nf6 6. Bg5 d6 7. Be3 Bb6 8. Nbd2 Bd7 9. Qe2 Ng4 10. Bxb6 axb6 11. h3 Nh6 12. g4 Na5 13. Bb3 Nxb3 14. Nxb3 Be6 15. Nc1 f6 16. Nh4 g6 17. Ng2 Nf7 18. Ne3 h5 19. Nd5 Bxd5 20. exd5 f5 21. gxf5 gxf5 22. Nb3 Qh4 23. Qf3 Nh6 24. Qg3 Qxg3 25. fxg3 c6 26. dxc6 bxc6 27. a3 Ke7 28. Kf2 h4 29. Rag1 hxg3+ 30. Rxg3 Rag8 31. Rxg8 Nxg8 32. Nd2 d5 33. Nf3 Ke6 34. d4 e4 35. Ne5 Ne7 36. h4 c5 37. h5 cxd4 38. cxd4 f4 39. h6 Rh7 40. Rh4 f3 41. Rh5 Kf6 42. Ng4+ Ke6 43. Re5+ Kd6 44. Rh5 Ke6 45. Re5+ Kd6 46. Rh5 Ke6 47. Re5+ Kd6 48. Rh5 1/2-1/2

[Event "MVP-ch Seniors op 17th"]
[Site "Binz"]
[Date "2017.11.29"]
[Round "1.28"]
[White "Wiemer, Juergen"]
[Black "Jepp, Wolfgang"]
[Result "1-0"]
[WhiteElo "2045"]
[BlackElo "1772"]
[PlyCount "93"]
[EventDate "2017.11.29"]
[EventType "swiss"]
[EventRounds "9"]
[EventCountry "GER"]
[SourceTitle "EXT 2019"]
[Source "ChessBase"]
[SourceDate "2018.10.10"]
[SourceVersion "1"]
[SourceVersionDate "2018.10.10"]
[SourceQuality "1"]

1. e4 e5 2. Nf3 Nc6 3. d4 exd4 4. Nxd4 Nf6 5. Nxc6 bxc6 6. e5 Nd5 7. c4 Bb4+ 8. Nd2 Nb6 9. a3 Bxd2+ 10. Bxd2 d6 11. Qf3 c5 12. exd6 cxd6 13. 0-0-0 Be6 14. Bc3 Qc7 15. b3 0-0 16. Qg3 f6 17. Rxd6 Rae8 18. Ba5 Bf5 19. Rxf6 Qxg3 20. Rxf8+ Kxf8 21. hxg3 Nd7 22. Bd2 Nf6 23. f3 Rb8 24. Kb2 Nd7 25. Kc3 Kg8 26. Be2 Rb7 27. Be3 a5 28. Rd1 a4 29. b4 cxb4+ 30. axb4 Ne5 31. c5 Bd7 32. f4 Ng4 33. Bc4+ Kf8 34. Bg1 Nf6 35. Re1 Bc6 36. Rb1 Bb5 37. Bxb5 Rxb5 38. c6 Rb8 39. Bc5+ Ke8 40. Re1+ Kd8 41. Kc4 a3 42. b5 a2 43. Be7+ Kc7 44. Bxf6 gxf6 45. Kc5 Ra8 46. b6+ Kd8 47. b7 1-0

[Event "GER-chT Seniors 26th"]
[Site "Templin"]
[Date "2017.09.30"]
[Round "6.2"]
[White "Wiemer, Juergen"]
[Black "Nimtz, Manfred"]
[Result "1/2-1/2"]
[WhiteElo "2028"]
[BlackElo "2184"]
[PlyCount "102"]
[EventDate "2017.09.25"]
[EventType "team-swiss"]
[EventRounds "7"]
[EventCountry "GER"]
[SourceTitle "EXT 2019"]
[Source "ChessBase"]
[SourceDate "2018.10.10"]
[SourceVersion "1"]
[SourceVersionDate "2018.10.10"]
[SourceQuality "1"]
[WhiteTeam "Mecklenburg Vorpommern II"]
[BlackTeam "Niedersachsen"]
[WhiteTeamCountry "GER"]
[BlackTeamCountry "GER"]

1. e4 c5 2. c3 d6 3. d4 Nf6 4. Bd3 e5 5. d5 g6 6. Bg5 Nbd7 7. Nd2 Bg7 8. Nc4 Qc7 9. Ne2 b5 10. Ne3 c4 11. Bc2 Nc5 12. f3 0-0 13. b4 cxb3 14. axb3 Bd7 15. 0-0 a5 16. Bh4 Rfc8 17. Bf2 a4 18. b4 Na6 19. g4 Bh6 20. h4 Bf4 21. Rb1 Be8 22. Ng2 Nd7 23. Bd3 Rab8 24. Ngxf4 exf4 25. Kg2 Ne5 26. Bd4 Qe7 27. Nxf4 Qxh4 28. Bxe5 dxe5 29. Ne2 Bd7 30. Qd2 h6 31. Rh1 Qg5 32. Rbd1 Kg7 33. Kf2 Qxd2 34. Rxd2 Nc7 35. Kg3 Ne8 36. f4 f6 37. f5 g5 38. Kf3 Nd6 39. Rc2 Rh8 40. Ng3 Be8 41. Ke3 Bf7 42. Be2 Rb7 43. Nf1 Rc8 44. Nd2 Rbc7 45. Rhc1 Be8 46. Nb1 Rb8 47. Nd2 Rbc8 48. Nb1 Rb8 49. Na3 Bd7 50. Rh1 Rbc8 51. Rhc1 Be8 1/2-1/2

[Event "GER-chT Seniors 26th"]
[Site "Templin"]
[Date "2017.09.29"]
[Round "5.2"]
[White "Dekan, Hans"]
[Black "Wiemer, Juergen"]
[Result "0-1"]
[WhiteElo "2152"]
[BlackElo "2028"]
[PlyCount "130"]
[EventDate "2017.09.25"]
[EventType "team-swiss"]
[EventRounds "7"]
[EventCountry "GER"]
[SourceTitle "EXT 2019"]
[Source "ChessBase"]
[SourceDate "2018.10.10"]
[SourceVersion "1"]
[SourceVersionDate "2018.10.10"]
[SourceQuality "1"]
[WhiteTeam "Baden II"]
[BlackTeam "Mecklenburg Vorpommern II"]
[WhiteTeamCountry "GER"]
[BlackTeamCountry "GER"]

1. e4 e5 2. Nf3 Nc6 3. Bb5 a6 4. Ba4 Nf6 5. Nc3 b5 6. Bb3 Be7 7. 0-0 d6 8. Re1 Na5 9. d3 Bg4 10. Nd5 Nxb3 11. Nxf6+ Bxf6 12. axb3 c5 13. Be3 0-0 14. Qd2 h6 15. h3 Bxf3 16. gxf3 Bg5 17. Ra2 Ra7 18. Rea1 Bxe3 19. fxe3 Qc8 20. Kh2 f5 21. f4 Qb7 22. exf5 Rxf5 23. Qg2 d5 24. Qg6 Qf7 25. Qxf7+ Raxf7 26. Rxa6 exf4 27. e4 dxe4 28. dxe4 Re5 29. Ra8+ Kh7 30. Rc8 Rd7 31. Rg1 f3 32. Kg3 Rg5+ 33. Kh2 Rd2+ 34. Kh1 Rh5 35. Rg3 f2 36. Rf8 Rxc2 37. Kg2 Rxb2 38. Rxf2 Rxf2+ 39. Kxf2 Re5 40. Ke3 g5 41. Rg1 Kg6 42. Rd1 Re6 43. Rd5 Rc6 44. b4 cxb4 45. Rxb5 Rc3+ 46. Kd4 Rxh3 47. Rxb4 g4 48. Rb6+ Kg5 49. Rb8 h5 50. Rg8+ Kf6 51. e5+ Kf7 52. Rg5 g3 53. Kd5 h4 54. Kd6 Rh1 55. Rf5+ Kg6 56. Rf8 Rd1+ 57. Ke6 Kg5 58. Rg8+ Kf4 59. Kf6 h3 60. e6 h2 61. e7 Rd6+ 62. Kf7 h1Q 63. e8Q Qh5+ 64. Ke7 Qe5+ 65. Kf7 Qf6# 0-1

[Event "GER-chT Seniors 26th"]
[Site "Templin"]
[Date "2017.09.28"]
[Round "4.2"]
[White "Wiemer, Juergen"]
[Black "Schwertel, Johann"]
[Result "1/2-1/2"]
[WhiteElo "2028"]
[BlackElo "1930"]
[PlyCount "78"]
[EventDate "2017.09.25"]
[EventType "team-swiss"]
[EventRounds "7"]
[EventCountry "GER"]
[SourceTitle "EXT 2019"]
[Source "ChessBase"]
[SourceDate "2018.10.10"]
[SourceVersion "1"]
[SourceVersionDate "2018.10.10"]
[SourceQuality "1"]
[WhiteTeam "Mecklenburg Vorpommern II"]
[BlackTeam "Rheinland Pfalz II"]
[WhiteTeamCountry "GER"]
[BlackTeamCountry "GER"]

1. e4 c6 2. d4 d5 3. e5 e6 4. c3 c5 5. a3 Nc6 6. f4 Nh6 7. Nf3 Nf5 8. g4 Nh4 9. Be3 Nxf3+ 10. Qxf3 cxd4 11. cxd4 Qb6 12. Qf2 Bd7 13. b4 Rc8 14. Be2 Be7 15. 0-0 f5 16. Nd2 0-0 17. gxf5 exf5 18. Nb3 Qd8 19. Nc5 b6 20. Nxd7 Qxd7 21. Bf3 Bd8 22. h4 b5 23. h5 Bb6 24. Rad1 Ne7 25. Rd3 Rc4 26. Kh2 Rc6 27. Kg1 Kh8 28. Qg2 g6 29. h6 Rfc8 30. Bd2 Rc4 31. Be3 R4c6 32. Bf2 Rc2 33. Rdd1 R8c3 34. Rfe1 Qe6 35. Be2 a6 36. Bh4 Ng8 37. Qg5 Rc8 38. Rd3 Bc7 39. Qg3 Nxh6 1/2-1/2